[Event "45th FIDE Chess Olympiad Open"]
[Site "Budapest, Hungary"]
[Date "2024.09.20"]
[Round "9"]
[White "Bachmann, Axel"]
[Black "Brkic, Ante"]
[Result "1/2-1/2"]
[Board "69"]
[WhiteFideId "3700488"]
[BlackFideId "14506688"]
[WhiteTitle "GM"]
[BlackTitle "GM"]
[WhiteElo "2560"]
[BlackElo "2642"]
[WhiteTeam "Paraguay"]
[BlackTeam "Croatia"]
[WhiteClock "0:07:45"]
[BlackClock "0:01:38"]
[Variant "Standard"]

1. e4 {[%clk 1:30:54]}  c5 {[%clk 1:30:47]} 2. Nc3 {[%clk 1:31:17]}  d6 {[%clk 1:30:59]} 3. Nge2 {[%clk 1:31:23]}  Nf6 {[%clk 1:30:31]} 4. g3 {[%clk 1:31:43]}  g6 {[%clk 1:30:03]} 5. Bg2 {[%clk 1:32:05]}  Nc6 {[%clk 1:29:42]} 6. d3 {[%clk 1:30:39]}  Bg7 {[%clk 1:30:05]} 7. O-O {[%clk 1:31:02]}  O-O {[%clk 1:30:32]} 8. h3 {[%clk 1:30:49]}  Rb8 {[%clk 1:30:05]} 9. f4 {[%clk 1:30:33]}  Bd7 {[%clk 1:30:16]} 10. g4 {[%clk 1:22:02]}  b5 {[%clk 1:29:18]} 11. Ng3 {[%clk 1:22:24]}  b4 {[%clk 1:26:08]} 12. Nce2 {[%clk 1:22:47]}  Ne8 {[%clk 1:25:46]} 13. f5 {[%clk 1:21:55]}  a5 {[%clk 1:01:25]} 14. g5 {[%clk 1:13:43]}  Ne5 {[%clk 1:00:16]} 15. Nf4 {[%clk 1:10:42]}  Nc7 {[%clk 0:53:16]} 16. c4 {[%clk 0:58:27]}  bxc3 {[%clk 0:52:45]} 17. bxc3 {[%clk 0:57:43]}  Nc6 {[%clk 0:23:28]} 18. Bd2 {[%clk 0:54:47]}  Rb2 {[%clk 0:22:35]} 19. h4 {[%clk 0:53:09]}  Nb5 {[%clk 0:18:10]} 20. Nge2 {[%clk 0:46:59]}  Nc7 {[%clk 0:13:08]} 21. h5 {[%clk 0:45:28]}  Qe8 {[%clk 0:13:02]} 22. Qc1 {[%clk 0:35:13]}  Rb6 {[%clk 0:10:34]} 23. Rb1 {[%clk 0:33:55]}  Rxb1 {[%clk 0:08:58]} 24. Qxb1 {[%clk 0:34:06]}  Ne5 {[%clk 0:08:57]} 25. d4 {[%clk 0:24:14]}  Nc4 {[%clk 0:08:59]} 26. Bc1 {[%clk 0:24:38]}  cxd4 {[%clk 0:05:31]} 27. cxd4 {[%clk 0:24:45]}  d5 {[%clk 0:03:43]} 28. fxg6 {[%clk 0:19:41]}  hxg6 {[%clk 0:03:30]} 29. hxg6 {[%clk 0:17:45]}  fxg6 {[%clk 0:03:54]} 30. e5 {[%clk 0:17:20]}  Bf5 {[%clk 0:03:14]} 31. Qb7 {[%clk 0:17:44]}  Qc8 {[%clk 0:02:30]} 32. Qc6 {[%clk 0:14:46]}  e6 {[%clk 0:00:53]} 33. Ng3 {[%clk 0:15:12]}  Bg4 {[%clk 0:00:45]} 34. Nxg6 {[%clk 0:14:26]}  Rxf1+ {[%clk 0:01:12]} 35. Bxf1 {[%clk 0:12:04]}  Qe8 {[%clk 0:01:41]} 36. Qxc7 {[%clk 0:11:08]}  Qxg6 {[%clk 0:02:08]} 37. Qb8+ {[%clk 0:11:28]}  Kf7 {[%clk 0:00:36]} 38. Qb3 {[%clk 0:11:22]}  Kg8 {[%clk 0:00:34]} 39. Bd3 {[%clk 0:08:47]}  Qf7 {[%clk 0:00:54]} 40. g6 {[%clk 0:08:18]}  Qa7 {[%clk 0:00:36]} 41. Kg2 {[%clk 0:06:37]}  Qxd4 {[%clk 0:23:14]} 42. Qb8+ {[%clk 0:15:44]}  Bf8 {[%clk 0:23:33]} 43. Qe8 {[%clk 0:06:41]}  Nxe5 {[%clk 0:15:58]} 44. Be2 {[%clk 0:07:08]}  Kg7 {[%clk 0:02:01]} 45. Bh6+ {[%clk 0:05:20]}  Kxh6 {[%clk 0:02:29]} 46. Qxf8+ {[%clk 0:05:44]}  Kxg6 {[%clk 0:02:57]} 47. Qg8+ {[%clk 0:06:07]}  Kf6 {[%clk 0:02:57]} 48. Qh8+ {[%clk 0:06:08]}  Ke7 {[%clk 0:02:36]} 49. Bxg4 {[%clk 0:06:33]}  Qxg4 {[%clk 0:02:18]} 50. Qxe5 {[%clk 0:07:00]}  Kd7 {[%clk 0:02:41]} 51. Qb8 {[%clk 0:06:44]}  Qb4 {[%clk 0:02:40]} 52. Qa7+ {[%clk 0:05:51]}  Kd6 {[%clk 0:03:00]} 53. Qa6+ {[%clk 0:06:12]}  Kd7 {[%clk 0:02:31]} 54. Ne2 {[%clk 0:05:41]}  Qb2 {[%clk 0:01:02]} 55. a4 {[%clk 0:05:32]}  Qb4 {[%clk 0:01:16]} 56. Qa7+ {[%clk 0:05:22]}  Kd6 {[%clk 0:01:33]} 57. Nd4 {[%clk 0:05:42]}  Qxa4 {[%clk 0:00:37]} 58. Qb6+ {[%clk 0:06:06]}  Kd7 {[%clk 0:00:46]} 59. Qxe6+ {[%clk 0:06:19]}  Kc7 {[%clk 0:01:05]} 60. Qe7+ {[%clk 0:06:32]}  Kb6 {[%clk 0:00:43]} 61. Qd6+ {[%clk 0:06:20]}  Kb7 {[%clk 0:01:09]} 62. Ne6 {[%clk 0:06:12]}  Qc2+ {[%clk 0:00:56]} 63. Kg3 {[%clk 0:06:24]}  Qc3+ {[%clk 0:01:07]} 64. Kg4 {[%clk 0:06:39]}  Qb4+ {[%clk 0:01:11]} 65. Qxb4+ {[%clk 0:06:56]}  axb4 {[%clk 0:01:40]} 66. Kf3 {[%clk 0:07:19]}  Kb6 {[%clk 0:02:02]} 67. Ke3 {[%clk 0:07:45]}  b3 {[%clk 0:01:38]} 1/2-1/2

[Event "45th FIDE Chess Olympiad Open"]
[Site "Budapest, Hungary"]
[Date "2024.09.20"]
[Round "9"]
[White "Martinovic, Sasa"]
[Black "Delgado Ramirez, Neuris"]
[Result "1-0"]
[Board "70"]
[WhiteFideId "14509792"]
[BlackFideId "3503631"]
[WhiteTitle "GM"]
[BlackTitle "GM"]
[WhiteElo "2563"]
[BlackElo "2484"]
[WhiteTeam "Croatia"]
[BlackTeam "Paraguay"]
[WhiteClock "0:29:58"]
[BlackClock "0:07:34"]
[Variant "Standard"]

1. d4 {[%clk 1:30:58]}  Nf6 {[%clk 1:30:53]} 2. Bg5 {[%clk 1:31:24]}  d5 {[%clk 1:25:00]} 3. e3 {[%clk 1:31:48]}  e6 {[%clk 1:19:10]} 4. Nd2 {[%clk 1:30:08]}  h6 {[%clk 1:16:03]} 5. Bh4 {[%clk 1:30:02]}  c5 {[%clk 1:15:52]} 6. Ngf3 {[%clk 1:29:23]}  Nc6 {[%clk 1:13:24]} 7. c3 {[%clk 1:27:33]}  Be7 {[%clk 1:09:44]} 8. Bd3 {[%clk 1:27:50]}  Qb6 {[%clk 1:04:35]} 9. Rb1 {[%clk 1:26:54]}  Bd7 {[%clk 1:00:17]} 10. O-O {[%clk 1:22:04]}  Nh5 {[%clk 0:59:01]} 11. Bxe7 {[%clk 1:17:28]}  Nxe7 {[%clk 0:59:24]} 12. Ne5 {[%clk 1:10:12]}  Nf6 {[%clk 0:59:51]} 13. a4 {[%clk 1:09:52]}  Nc8 {[%clk 0:55:36]} 14. b4 {[%clk 1:05:23]}  c4 {[%clk 0:51:14]} 15. Bc2 {[%clk 1:05:25]}  Nd6 {[%clk 0:51:36]} 16. Re1 {[%clk 0:57:13]}  Qc7 {[%clk 0:45:55]} 17. Qf3 {[%clk 0:48:59]}  O-O {[%clk 0:41:38]} 18. Ra1 {[%clk 0:37:47]}  Bc6 {[%clk 0:37:21]} 19. Nxc6 {[%clk 0:20:38]}  Qxc6 {[%clk 0:36:08]} 20. e4 {[%clk 0:21:06]}  dxe4 {[%clk 0:35:23]} 21. Nxe4 {[%clk 0:21:31]}  Nfxe4 {[%clk 0:32:45]} 22. Bxe4 {[%clk 0:21:40]}  Nxe4 {[%clk 0:32:44]} 23. Qxe4 {[%clk 0:21:13]}  Qxe4 {[%clk 0:32:34]} 24. Rxe4 {[%clk 0:21:42]}  Rfd8 {[%clk 0:32:47]} 25. f4 {[%clk 0:20:51]}  Rd5 {[%clk 0:33:02]} 26. Kf2 {[%clk 0:20:36]}  Kf8 {[%clk 0:32:10]} 27. Rae1 {[%clk 0:19:44]}  Rad8 {[%clk 0:32:04]} 28. Kf3 {[%clk 0:19:01]}  R8d6 {[%clk 0:30:54]} 29. Re5 {[%clk 0:16:47]}  Rxe5 {[%clk 0:23:45]} 30. Rxe5 {[%clk 0:16:50]}  b6 {[%clk 0:23:23]} 31. g4 {[%clk 0:13:14]}  f6 {[%clk 0:17:38]} 32. Re2 {[%clk 0:13:40]}  Kf7 {[%clk 0:16:34]} 33. f5 {[%clk 0:11:28]}  e5 {[%clk 0:16:20]} 34. Ke4 {[%clk 0:06:12]}  a6 {[%clk 0:15:44]} 35. b5 {[%clk 0:05:43]}  a5 {[%clk 0:13:54]} 36. dxe5 {[%clk 0:03:38]}  fxe5 {[%clk 0:14:18]} 37. Kxe5 {[%clk 0:04:00]}  Rd3 {[%clk 0:14:43]} 38. Re4 {[%clk 0:04:08]}  Rxc3 {[%clk 0:14:42]} 39. Kd5 {[%clk 0:04:22]}  h5 {[%clk 0:13:44]} 40. gxh5 {[%clk 0:01:26]}  Rd3+ {[%clk 0:07:53]} 41. Kc6 {[%clk 0:00:56]}  c3 {[%clk 0:07:34]} 42. Rc4 {[%clk 0:29:58]} 1-0

[Event "45th FIDE Chess Olympiad Open"]
[Site "Budapest, Hungary"]
[Date "2024.09.20"]
[Round "9"]
[White "Almiron, Antonio"]
[Black "Livaic, Leon"]
[Result "1/2-1/2"]
[Board "71"]
[WhiteFideId "3701166"]
[BlackFideId "14531534"]
[WhiteTitle "FM"]
[BlackTitle "GM"]
[WhiteElo "2312"]
[BlackElo "2550"]
[WhiteTeam "Paraguay"]
[BlackTeam "Croatia"]
[WhiteClock "0:19:12"]
[BlackClock "0:14:14"]
[Variant "Standard"]

1. d4 {[%clk 1:30:58]}  Nf6 {[%clk 1:30:45]} 2. c4 {[%clk 1:31:24]}  g6 {[%clk 1:31:08]} 3. Nf3 {[%clk 1:31:50]}  Bg7 {[%clk 1:31:33]} 4. g3 {[%clk 1:32:16]}  O-O {[%clk 1:31:52]} 5. Bg2 {[%clk 1:32:44]}  d6 {[%clk 1:32:15]} 6. O-O {[%clk 1:33:09]}  Nbd7 {[%clk 1:32:17]} 7. Nc3 {[%clk 1:33:31]}  e5 {[%clk 1:32:43]} 8. e4 {[%clk 1:33:53]}  Re8 {[%clk 1:31:33]} 9. Re1 {[%clk 1:33:02]}  exd4 {[%clk 1:23:42]} 10. Nxd4 {[%clk 1:30:32]}  Nc5 {[%clk 1:23:29]} 11. h3 {[%clk 1:30:53]}  a5 {[%clk 1:23:47]} 12. Ndb5 {[%clk 1:31:07]}  Bd7 {[%clk 1:23:24]} 13. Bf4 {[%clk 1:31:25]}  Bxb5 {[%clk 1:21:54]} 14. cxb5 {[%clk 1:31:53]}  Nfd7 {[%clk 1:21:28]} 15. Qc2 {[%clk 1:24:14]}  h5 {[%clk 1:20:39]} 16. h4 {[%clk 1:21:40]}  Ne6 {[%clk 1:14:54]} 17. Be3 {[%clk 1:21:30]}  Ne5 {[%clk 1:13:07]} 18. Rad1 {[%clk 1:13:05]}  c6 {[%clk 1:08:36]} 19. bxc6 {[%clk 1:10:29]}  bxc6 {[%clk 1:09:02]} 20. Kh1 {[%clk 0:52:22]}  Ng4 {[%clk 0:53:13]} 21. Bh3 {[%clk 0:46:42]}  Nxe3 {[%clk 0:52:22]} 22. Rxe3 {[%clk 0:47:10]}  Nd4 {[%clk 0:49:08]} 23. Qd2 {[%clk 0:45:00]}  a4 {[%clk 0:46:05]} 24. Bg2 {[%clk 0:36:29]}  a3 {[%clk 0:34:43]} 25. b3 {[%clk 0:24:23]}  Qa5 {[%clk 0:33:11]} 26. Ne2 {[%clk 0:24:29]}  Qxd2 {[%clk 0:29:03]} 27. Rxd2 {[%clk 0:24:53]}  Nb5 {[%clk 0:24:05]} 28. Rc2 {[%clk 0:19:48]}  Rac8 {[%clk 0:21:45]} 29. Kg1 {[%clk 0:09:56]}  Bb2 {[%clk 0:19:03]} 30. Rc4 {[%clk 0:09:40]}  c5 {[%clk 0:17:35]} 31. Bh3 {[%clk 0:09:32]}  Rcd8 {[%clk 0:11:42]} 32. Kf1 {[%clk 0:09:39]}  Re7 {[%clk 0:05:37]} 33. Bg2 {[%clk 0:09:43]}  Nc7 {[%clk 0:04:47]} 34. Nf4 {[%clk 0:09:53]}  Rb8 {[%clk 0:04:36]} 35. Rd3 {[%clk 0:07:20]}  Be5 {[%clk 0:02:41]} 36. Nd5 {[%clk 0:06:34]}  Nxd5 {[%clk 0:03:06]} 37. Rxd5 {[%clk 0:07:03]}  Ra7 {[%clk 0:02:29]} 38. Rd3 {[%clk 0:07:14]}  Bd4 {[%clk 0:02:20]} 39. Rc2 {[%clk 0:05:57]}  Kg7 {[%clk 0:01:59]} 40. Bf3 {[%clk 0:04:35]}  Rb4 {[%clk 0:01:15]} 41. Be2 {[%clk 0:04:38]}  Re7 {[%clk 0:00:45]} 42. f3 {[%clk 0:04:42]}  Kh6 {[%clk 0:26:44]} 43. Rd1 {[%clk 0:34:54]}  Rb8 {[%clk 0:22:43]} 44. Bc4 {[%clk 0:35:02]}  f5 {[%clk 0:20:10]} 45. exf5 {[%clk 0:26:09]}  gxf5 {[%clk 0:20:34]} 46. Re1 {[%clk 0:26:37]}  Rxe1+ {[%clk 0:20:06]} 47. Kxe1 {[%clk 0:27:06]}  f4 {[%clk 0:17:57]} 48. gxf4 {[%clk 0:24:29]}  Re8+ {[%clk 0:13:56]} 49. Re2 {[%clk 0:19:12]}  Rxe2+ {[%clk 0:14:14]} 1/2-1/2

[Event "45th FIDE Chess Olympiad Open"]
[Site "Budapest, Hungary"]
[Date "2024.09.20"]
[Round "9"]
[White "Stevic, Hrvoje"]
[Black "Latorre, Matias"]
[Result "1/2-1/2"]
[Board "72"]
[WhiteFideId "14502569"]
[BlackFideId "3701107"]
[WhiteTitle "GM"]
[BlackTitle "FM"]
[WhiteElo "2531"]
[BlackElo "2264"]
[WhiteTeam "Croatia"]
[BlackTeam "Paraguay"]
[WhiteClock "0:14:29"]
[BlackClock "0:15:48"]
[Variant "Standard"]

1. e4 {[%clk 1:30:57]}  e6 {[%clk 1:30:46]} 2. d4 {[%clk 1:31:11]}  d5 {[%clk 1:31:06]} 3. e5 {[%clk 1:31:34]}  c5 {[%clk 1:31:26]} 4. c3 {[%clk 1:31:58]}  Nc6 {[%clk 1:31:40]} 5. Nf3 {[%clk 1:32:21]}  Bd7 {[%clk 1:31:50]} 6. Be2 {[%clk 1:32:32]}  f6 {[%clk 1:32:02]} 7. O-O {[%clk 1:32:10]}  fxe5 {[%clk 1:31:53]} 8. Nxe5 {[%clk 1:32:33]}  Nxe5 {[%clk 1:32:17]} 9. dxe5 {[%clk 1:32:57]}  Qc7 {[%clk 1:32:34]} 10. Re1 {[%clk 1:33:03]}  O-O-O {[%clk 1:30:37]} 11. Bf1 {[%clk 1:31:41]}  Ne7 {[%clk 1:30:29]} 12. a4 {[%clk 1:31:00]}  Nf5 {[%clk 1:30:13]} 13. Na3 {[%clk 1:30:50]}  c4 {[%clk 1:30:32]} 14. b4 {[%clk 1:30:35]}  cxb3 {[%clk 1:30:56]} 15. Qxb3 {[%clk 1:30:41]}  Bc5 {[%clk 1:29:53]} 16. Nb5 {[%clk 1:30:08]}  Bxb5 {[%clk 1:28:03]} 17. axb5 {[%clk 1:29:41]}  Rhf8 {[%clk 1:27:57]} 18. Qa2 {[%clk 1:29:05]}  Qe7 {[%clk 1:28:09]} 19. Ba3 {[%clk 1:19:25]}  Bxa3 {[%clk 1:21:07]} 20. Qxa3 {[%clk 1:18:11]}  Qxa3 {[%clk 1:21:34]} 21. Rxa3 {[%clk 1:18:35]}  Kc7 {[%clk 1:22:01]} 22. Rxa7 {[%clk 1:08:16]}  Kb6 {[%clk 1:09:03]} 23. Ra4 {[%clk 1:07:26]}  Ra8 {[%clk 1:08:06]} 24. Rea1 {[%clk 1:02:51]}  Rxa4 {[%clk 1:08:22]} 25. Rxa4 {[%clk 1:03:16]}  Rc8 {[%clk 0:57:36]} 26. c4 {[%clk 1:00:04]}  Rc5 {[%clk 0:57:33]} 27. cxd5 {[%clk 0:54:28]}  Rxd5 {[%clk 0:57:49]} 28. Re4 {[%clk 0:54:35]}  Rd4 {[%clk 0:51:54]} 29. Re1 {[%clk 0:53:05]}  Rd2 {[%clk 0:37:34]} 30. f4 {[%clk 0:29:49]}  Nd4 {[%clk 0:14:21]} 31. Re3 {[%clk 0:27:26]}  Kc5 {[%clk 0:10:34]} 32. Rc3+ {[%clk 0:18:05]}  Kd5 {[%clk 0:11:00]} 33. Rc7 {[%clk 0:17:12]}  Ke4 {[%clk 0:11:04]} 34. Rxg7 {[%clk 0:16:09]}  h5 {[%clk 0:06:22]} 35. Rxb7 {[%clk 0:15:25]}  Ke3 {[%clk 0:02:09]} 36. Ra7 {[%clk 0:12:08]}  Rb2 {[%clk 0:02:32]} 37. Ra3+ {[%clk 0:08:05]}  Kxf4 {[%clk 0:02:56]} 38. Rh3 {[%clk 0:08:31]}  Kg5 {[%clk 0:01:44]} 39. Rg3+ {[%clk 0:07:58]}  Kf4 {[%clk 0:02:00]} 40. Rg6 {[%clk 0:06:59]}  Rb1 {[%clk 0:01:14]} 41. h4 {[%clk 0:04:27]}  Kxe5 {[%clk 0:17:07]} 42. Kf2 {[%clk 0:17:56]}  Rb2+ {[%clk 0:15:13]} 43. Kg1 {[%clk 0:18:22]}  Rb1 {[%clk 0:15:32]} 44. Kf2 {[%clk 0:15:00]}  Rb2+ {[%clk 0:15:48]} 45. Kg1 {[%clk 0:14:29]} 1/2-1/2

[Event "45th FIDE Chess Olympiad Open"]
[Site "Budapest, Hungary"]
[Date "2024.09.20"]
[Round "9"]
[White "Stremavicius, Titas"]
[Black "Maksimovic, Bojan"]
[Result "1/2-1/2"]
[Board "73"]
[WhiteFideId "12804444"]
[BlackFideId "14408120"]
[WhiteTitle "GM"]
[BlackTitle "IM"]
[WhiteElo "2527"]
[BlackElo "2503"]
[WhiteTeam "Lithuania"]
[BlackTeam "Bosnia & Herzegovina"]
[WhiteClock "0:02:11"]
[BlackClock "0:00:48"]
[Variant "Standard"]

1. d4 {[%clk 1:30:57]}  e6 {[%clk 1:30:15]} 2. Nf3 {[%clk 1:29:32]}  c5 {[%clk 1:27:34]} 3. e3 {[%clk 1:29:05]}  Nf6 {[%clk 1:26:39]} 4. Nbd2 {[%clk 1:23:50]}  b6 {[%clk 1:22:15]} 5. Bd3 {[%clk 1:18:23]}  Bb7 {[%clk 1:20:52]} 6. O-O {[%clk 1:18:22]}  Be7 {[%clk 1:14:32]} 7. dxc5 {[%clk 1:13:02]}  bxc5 {[%clk 1:13:58]} 8. b3 {[%clk 1:09:10]}  Nc6 {[%clk 1:11:27]} 9. c4 {[%clk 1:08:12]}  O-O {[%clk 1:10:31]} 10. Bb2 {[%clk 1:08:33]}  Qc7 {[%clk 1:02:51]} 11. Re1 {[%clk 1:00:48]}  h6 {[%clk 0:56:22]} 12. Nf1 {[%clk 0:56:35]}  Ng4 {[%clk 0:52:17]} 13. h3 {[%clk 0:46:30]}  Bf6 {[%clk 0:46:30]} 14. Rb1 {[%clk 0:36:56]}  Bxb2 {[%clk 0:44:42]} 15. Rxb2 {[%clk 0:37:23]}  Nf6 {[%clk 0:37:03]} 16. Ng3 {[%clk 0:36:07]}  Ne5 {[%clk 0:26:43]} 17. Nxe5 {[%clk 0:34:26]}  Qxe5 {[%clk 0:25:11]} 18. Rd2 {[%clk 0:34:26]}  Rfd8 {[%clk 0:25:16]} 19. Qa1 {[%clk 0:26:49]}  Qxa1 {[%clk 0:21:21]} 20. Rxa1 {[%clk 0:27:16]}  Kf8 {[%clk 0:21:02]} 21. Ne2 {[%clk 0:25:37]}  Ke7 {[%clk 0:19:27]} 22. Nc3 {[%clk 0:23:47]}  Bc6 {[%clk 0:19:14]} 23. Kf1 {[%clk 0:20:19]}  Rab8 {[%clk 0:19:11]} 24. Bc2 {[%clk 0:20:15]}  g5 {[%clk 0:18:01]} 25. g3 {[%clk 0:20:10]}  d6 {[%clk 0:16:49]} 26. Rad1 {[%clk 0:17:37]}  a6 {[%clk 0:16:06]} 27. f4 {[%clk 0:16:04]}  Rd7 {[%clk 0:11:31]} 28. Kf2 {[%clk 0:16:12]}  Rg8 {[%clk 0:11:12]} 29. Rg1 {[%clk 0:11:31]}  h5 {[%clk 0:07:59]} 30. Bd1 {[%clk 0:10:18]}  Rdd8 {[%clk 0:07:00]} 31. Bf3 {[%clk 0:09:23]}  Bxf3 {[%clk 0:06:44]} 32. Kxf3 {[%clk 0:09:47]}  Rg7 {[%clk 0:03:47]} 33. Rgd1 {[%clk 0:09:05]}  Rdg8 {[%clk 0:02:43]} 34. Ne2 {[%clk 0:07:43]}  g4+ {[%clk 0:03:03]} 35. hxg4 {[%clk 0:07:36]}  hxg4+ {[%clk 0:03:29]} 36. Kg2 {[%clk 0:08:01]}  Ne4 {[%clk 0:03:53]} 37. Rc2 {[%clk 0:07:05]}  Rh8 {[%clk 0:04:07]} 38. Rh1 {[%clk 0:05:15]}  Rxh1 {[%clk 0:04:10]} 39. Kxh1 {[%clk 0:05:43]}  Rh7+ {[%clk 0:04:06]} 40. Kg2 {[%clk 0:06:06]}  Rh3 {[%clk 0:04:22]} 41. Rc1 {[%clk 0:03:47]}  f5 {[%clk 0:04:02]} 42. Rc2 {[%clk 0:02:52]}  a5 {[%clk 0:00:51]} 43. a3 {[%clk 0:25:23]}  Kd7 {[%clk 0:28:43]} 44. b4 {[%clk 0:19:24]}  axb4 {[%clk 0:24:46]} 45. axb4 {[%clk 0:19:23]}  cxb4 {[%clk 0:19:54]} 46. Rb2 {[%clk 0:19:27]}  Rh8 {[%clk 0:19:47]} 47. Rxb4 {[%clk 0:19:54]}  Ke7 {[%clk 0:16:08]} 48. Rb7+ {[%clk 0:17:20]}  Kf6 {[%clk 0:16:32]} 49. Nd4 {[%clk 0:17:46]}  Rh3 {[%clk 0:15:32]} 50. Ne2 {[%clk 0:15:48]}  Nd2 {[%clk 0:15:22]} 51. Nc3 {[%clk 0:12:21]}  Nxc4 {[%clk 0:13:51]} 52. e4 {[%clk 0:12:44]}  Rh8 {[%clk 0:08:21]} 53. Rc7 {[%clk 0:08:10]}  Nd2 {[%clk 0:08:44]} 54. exf5 {[%clk 0:08:09]}  exf5 {[%clk 0:08:51]} 55. Ra7 {[%clk 0:04:29]}  Ke6 {[%clk 0:07:40]} 56. Nb5 {[%clk 0:04:58]}  Kd5 {[%clk 0:06:38]} 57. Rf7 {[%clk 0:03:04]}  Nf3 {[%clk 0:04:32]} 58. Kf2 {[%clk 0:02:15]}  Nd4 {[%clk 0:00:41]} 59. Nxd4 {[%clk 0:02:01]}  Kxd4 {[%clk 0:01:10]} 60. Rxf5 {[%clk 0:02:23]}  d5 {[%clk 0:00:38]} 61. Rg5 {[%clk 0:02:11]}  Rh2+ {[%clk 0:00:48]} 1/2-1/2

[Event "45th FIDE Chess Olympiad Open"]
[Site "Budapest, Hungary"]
[Date "2024.09.20"]
[Round "9"]
[White "Burovic, Rijad"]
[Black "Pultinevicius, Paulius"]
[Result "0-1"]
[Board "74"]
[WhiteFideId "14407701"]
[BlackFideId "12809390"]
[WhiteTitle "IM"]
[BlackTitle "GM"]
[WhiteElo "2426"]
[BlackElo "2587"]
[WhiteTeam "Bosnia & Herzegovina"]
[BlackTeam "Lithuania"]
[WhiteClock "0:06:31"]
[BlackClock "0:08:13"]
[Variant "Standard"]

1. e4 {[%clk 1:30:45]}  c6 {[%clk 1:30:55]} 2. d4 {[%clk 1:30:45]}  d5 {[%clk 1:31:20]} 3. e5 {[%clk 1:30:30]}  Bf5 {[%clk 1:31:38]} 4. h4 {[%clk 1:30:23]}  h5 {[%clk 1:31:52]} 5. c4 {[%clk 1:30:29]}  e6 {[%clk 1:31:46]} 6. Nc3 {[%clk 1:30:39]}  dxc4 {[%clk 1:31:52]} 7. Bxc4 {[%clk 1:30:42]}  Nd7 {[%clk 1:32:17]} 8. Nge2 {[%clk 1:30:34]}  Be7 {[%clk 1:32:05]} 9. Be3 {[%clk 1:28:10]}  Nb6 {[%clk 0:53:27]} 10. Bd3 {[%clk 1:05:11]}  Bxd3 {[%clk 0:53:50]} 11. Qxd3 {[%clk 1:05:38]}  Nh6 {[%clk 0:54:04]} 12. Ng3 {[%clk 1:02:24]}  Ng4 {[%clk 0:52:52]} 13. Bg5 {[%clk 0:59:01]}  Nxe5 {[%clk 0:52:22]} 14. Qe2 {[%clk 0:56:50]}  Ned7 {[%clk 0:50:45]} 15. f4 {[%clk 0:40:48]}  g6 {[%clk 0:50:52]} 16. O-O-O {[%clk 0:36:29]}  Qc7 {[%clk 0:48:54]} 17. Bxe7 {[%clk 0:31:44]}  Qxf4+ {[%clk 0:49:11]} 18. Kb1 {[%clk 0:30:58]}  Kxe7 {[%clk 0:49:09]} 19. Nge4 {[%clk 0:29:07]}  Qg4 {[%clk 0:44:07]} 20. Qe3 {[%clk 0:26:36]}  Nc4 {[%clk 0:40:04]} 21. Qd3 {[%clk 0:25:31]}  b5 {[%clk 0:38:49]} 22. Rhf1 {[%clk 0:24:08]}  f5 {[%clk 0:26:44]} 23. Ng5 {[%clk 0:21:52]}  Qxg2 {[%clk 0:22:41]} 24. Ne2 {[%clk 0:20:23]}  Nf6 {[%clk 0:15:34]} 25. Ka1 {[%clk 0:11:30]}  Nd5 {[%clk 0:12:49]} 26. b3 {[%clk 0:10:44]}  Nce3 {[%clk 0:06:41]} 27. Nf4 {[%clk 0:07:43]}  Nc2+ {[%clk 0:06:57]} 28. Kb1 {[%clk 0:07:05]}  Na3+ {[%clk 0:07:10]} 29. Ka1 {[%clk 0:07:19]}  Nxf4 {[%clk 0:07:24]} 30. Rxf4 {[%clk 0:07:26]}  Nc2+ {[%clk 0:07:06]} 31. Kb1 {[%clk 0:07:31]}  Nb4 {[%clk 0:07:25]} 32. Qc3 {[%clk 0:06:08]}  Qxa2+ {[%clk 0:07:39]} 33. Kc1 {[%clk 0:06:38]}  Qa3+ {[%clk 0:07:25]} 34. Kd2 {[%clk 0:06:36]}  Nd5 {[%clk 0:07:48]} 35. Qxc6 {[%clk 0:06:49]}  Qa5+ {[%clk 0:07:58]} 36. b4 {[%clk 0:06:31]}  Qxb4+ {[%clk 0:08:16]} 37. Ke2 {[%clk 0:06:31]}  Qc4+ {[%clk 0:08:13]} 0-1